LDR 01090naa#a2200193#i#450# 001 RU\\bibl\120580 005 20260429111058.3 011 ## _a2587-6740 100 ## _a20260415b2026####ek#y0rusy0150####ca 102 ## _aRU 200 1# _aСовершенствование кадастрового обеспечения вовлечения в оборот неиспользуемых земель сельскохозяйственного назначения _eЖурнальная статья 210 1# _aМосква _cЭлектронная наука _d2026 215 ## _a5 с. 608 ## _aЖурнальная статья _2local 675 ## _aВнешнеторговая политика. Инструменты внешнеторговой политики например,. 339.54 _aЭкономические сравнения, сопоставления. 338.001.36 _z 700 #1 _aСорокина _gОльга Анатольевна 700 #1 _aКомаров _gСтанислав Игоревич 700 #1 _aЧибиркина _gЕвгения Александровна 856 4# _amshj.ru _u